000 01296nam2a22002651 4500
001 rc\4744929
005 20250612165714.0
021 _aRU
_b[63-41779]
035 _a(NLR Aleph) 008738784
090 _a9520183
_c9520183
100 _a20130416d1963 |||y0rusy50 ca
101 0 _arus
102 _aRU
105 _aa z |||||
200 1 _aСельскохозяйственное строительство
_e[Сборник статей]
210 _d1963
_aБ. м.
215 _a136 с.
_cил.
300 _aОписано по суперобл. На тит. л. только загл. выпуска
320 _aБиблиогр. в конце работ
461 0 _1001rc\4744928
_12001#$aОпыт зарубежного строительства$e[Сборник]$fАкад. строительства и архитектуры СССР. НИИ сел. зданий и сооружений$v[1]
_99520178
_cМосква
_d1963
_fАкад. строительства и архитектуры СССР. НИИ сел. зданий и сооружений
_nГосстройиздат
_o[Сборник]
_tОпыт зарубежного строительства
_v[1]
801 0 _aRU
_bNLR
_gpsbo
801 1 _aRU
_bELAR
_2rusmarc
852 _aNLR
_j63-7/1948
942 _cBOOK
980 _aNB